000 00608nam a2200241Ia 4500
005 20260320201110.0
008 008 262003s9999 xx 000 0 eng d
037 _aEBOOK
040 _aCRL
040 _beng
040 _cCRL
041 _2eng
041 _aeng
084 _qCRL
100 _aRosu
_91134242
245 0 _aMultiphysics Simulation by Design for Electrical Machines, Power Electronics and Drives
260 _bIEEE
260 _c2018
856 _uhttps://ieeexplore.ieee.org/servlet/opac?bknumber=8233629
942 _cEBOOK
999 _c1718875
_d1718875